Star Wars Memes - Statistics

General Stats
  • This quiz has been taken 2,077 times
  • The average score is 9 of 15
Answer Stats
Hint Answer % Correct
I have the ____ ground. high
92%
____ ____. General Kenobi. Hello there
86%
Unlimited _____! POWAH
78%
I don't like ____. It's coarse and rough and irritating and it gets everywhere. sand
75%
My allegiance is to the republic to ______! democracy
72%
I killed them all. Not just the men but the _____ ___ _____ too. women and children
71%
I am the ______! senate
69%
__ it. Do
65%
Master _______, there are too many of them! What are we going to do? Skywalker
65%
Did you ever hear the tragedy of ______ ______ the wise. Darth Plagueis
61%
What about the _______ attack on the wookies. droid
60%
I didn't know there was this much _____ in the whole galaxy. green
23%
Take a ____! seat
23%
I've seen this raw ______ once before, it did't scare me enough then, it does now. Strength
18%
The death toll is ________. catastrophic
14%
No matching quizzes found
Score Distribution
Percent of People with Each Score
Percentile by Number Answered
Your Score History
You have not taken this quiz